Statistics for Charlie Sheen Filmography

Click here to take the quiz!

General Stats

  • This quiz has been taken 120 times
    (22 since last reset)
  • The average score is 16 of 123

Answer Stats

TypeYearName% Correct
TV Show2003-2011Two and a Half Men
100%
TV Documentary2018Platoon: Brothers in Arms
79%
Film1986Ferris Bueller's Day Off
71%
Film1991Hot Shots!
64%
Film1993Hot Shots! Part Deux
64%
Film1987Wall Street
64%
TV Show2012-2014Anger Management
57%
Film1979Apocalypse Now
57%
Film1989Major League
50%
Film1994Major League II
50%
Film1990Navy SEALs
50%
Film1984Red Dawn
50%
TV Show2001Saturday Night Live
50%
Film1994The Chase
50%
Film1990The Rookie
50%
Film1993The Three Musketeers
50%
Film1988Young Guns
50%
TV Show1996F•R•I•E•N•D•S
43%
Film1990Men at Work
43%
Film1997Money Talks
36%
TV Show2000-2002Spin City
36%
Film1996The Arrival
36%
Film20179/11
29%
Film1973Badlands
29%
Film1988Eight Men Out
29%
Film2003Scary Movie 3
29%
Film2006Scary Movie 4
29%
Film1994Terminal Velocity
29%
Film1985The Boys Next Door
29%
TV Special2011Comedy Central Roast of Charlie Sheen
21%
Film1986Lucas
21%
TV Film2000Rated X
21%
Film2013Scary Movie 5
21%
TV Show2008The Big Bang Theory
21%
Film1986The Wraith
21%
Film2020Grizzly II: Revenge
14%
Film2013Machete Kills
14%
Film1998No Code of Conduct
14%
Film1987No Man's Land
14%
TV Show2015The Goldbergs
14%
Film1990Cadence
7%
Film2017Mad Families
7%
TV ShowTBARamble On
7%
Film1997Shadow Conspiracy
7%
TV Film1984Silence of the Heart
7%
Film2010Wall Street: Money Never Sleeps
7%
Documentary20119/11 Truth: Hollywood Speaks Up
0%
Film2012A Glimpse Inside the Mind of Charles Swan III
0%
Film1998A Letter from Death Row
0%
Short Film1986A Life in the Day
0%
Film1996All Dogs Go to Heaven 2
0%
TV Show1986Amazing Stories
0%
Commercial2003American Express
0%
Music Video2013Aura
0%
Film1997Bad Day on the Block
0%
TV Show1999Battery Park
0%
Commercial2012Bavaria Malt Beer
0%
Film1999Being John Malkovich
0%
TV Film1993Beyond the Law
0%
TV Documentary2014Brothers in War
0%
Film1989Catchfire
0%
TV Documentary2011Charlie Sheen: Bad Boy on the Edge
0%
Documentary2011Charlie Sheen: Born to Be Wild
0%
TV Documentary2011Charlie Sheen: On the Brink
0%
TV Documentary1994Charlie Sheen's Stunts Spectacular
0%
Commercial2001Cingular Wireless
0%
Commercial1999CNBC
0%
Short Film1989Comicitis
0%
Film1990Courage Mountain
0%
TV Show2008CSI: Crime Scene Investigation
0%
TV Show2015#Cybriety
0%
Film1993Deadfall
0%
Short Film2003Deeper Than Deep
0%
Commercial2007, 2012DirecTV
0%
Documentary1997Discovery Mars
0%
Music Video2018Drug Addicts
0%
Film2010Due Date
0%
TV Show2010Family Guy
0%
Commercial2012FIAT Abarth
0%
Film1999Five Aces
0%
Film2011Foodfight!
0%
Film1996Frame by Frame
0%
Film1998Free Money
0%
Film2001Good Advice
0%
Film2005Guilty Hearts
0%
Commercial2008, 2009Hanes Underwear
0%
Web Series2023How to Be a Bookie
0%
Documentary1991How to Become a Hollywood Stuntman
0%
Documentary1998Junket Whore
0%
Documentary2001Last Party 2000
0%
Film1993Loaded Weapon 1
0%
Film1996Loose Women
0%
Film2012Madea's Witness Protection
0%
Music Video2019Mostly Stoned
0%
Film1988Never on Tuesday
0%
Documentary1992Oliver Stone: Inside Out
0%
TV Film1985Out of the Darkness
0%
TV Show2006Overhaulin'
0%
Short Film2008Paris Hilton Gets Presidential with Martin Sheen
0%
Commercial1990sParliament Cigarettes
0%
Film2004Pauly Shore Is Dead
0%
Commercial2019Planters
0%
Film1998Postmortem
0%
Music Video2013Sexy People (The FIAT Song)
0%
TV Show2011Sheen's Korner
0%
Film2012She Wants Me
0%
Commercial2020SingleCare
0%
Music Video2011Steak and Mash Potatoes
0%
TV Show1999Sugar Hill
0%
Film1989Tale of Two Sisters
0%
Award Show2004The 30th Annual People's Choice Awards
0%
Film2004The Big Bounce
0%
TV Show2000The Drew Carey Show
0%
Film1974The Execution of Private Slovik
0%
TV Film1985The Fourth Wise Man
0%
Music Video2015The Hum
0%
Music Video2014The Minista
0%
Film1987Three for the Road
0%
TV Show2017Typical Rick
0%
TV Documentary2011VH1 News Presents: Charlie Sheen - Winning... or Losing It?
0%
Commercial2002VISA
0%
Documentary2002What Made Bret Michaels
0%
Film1986Wisdom
0%

Score Distribution

Percentile by Number Answered

Percent of People with Each Score

Your Score History

You have not taken this quiz since the last reset